| 000 | 00377nam a22001577a 4500 | ||
|---|---|---|---|
| 999 |
_c532240 _d532240 |
||
| 003 | NUST | ||
| 005 | 20191114115851.0 | ||
| 008 | 191114b ||||| |||| 00| 0 eng d | ||
| 038 | _aMSOHAIL | ||
| 082 | _a323.44 | ||
| 100 |
_aKaye Stearman _925623 |
||
| 245 | _aHuman Rights Freedom of Expression | ||
| 260 |
_aEngland _bWay Land _cc1993 |
||
| 300 | _ap,48 | ||
| 942 |
_2ddc _cBK |
||